MAPPING wildfire hazards and risks

Bibliographic Details
Other Authors: Atkinson (Randy Dwight)] , 1954-, Lewis, Sampson
Format: Book
Published: New York : Food Products Press , 2000
Subjects:

MARC

LEADER 00000cam a2200000 7i4500
001 0000002078
005 20020923.0
020 0 0 |a 1560220732 
090 0 0 |a 363.379   |b MAP 20002 
245 0 0 |a MAPPING wildfire hazards and risks   |c R. Neil Sampson, R. Dwight Atkinson, Joe W. Lewis, editors 
260 0 0 |a New York :   |b Food Products Press ,   |c 2000 
300 |a xxiii, 343 p. :   |b ill., maps (some col.) ;   |c 22 cm. 
500 0 0 |a Includes bibliographical references and index 
650 0 0 |a Fire ecology 
650 0 0 |a Fire risk assessment 
650 0 0 |a Wildfires 
700 0 1 |a Atkinson   |h R. Dwight [  |q (Randy Dwight)] ,   |c 1954- 
700 0 1 |a Lewis   |h Joe W. 
700 0 1 |a Sampson   |h R. Neil 
998 |a JPSM 
999 |a 0000003462   |b Monograph   |c Open Shelf   |e Default branch